| 000 | 00531nam a2200193Ia 4500 | ||
|---|---|---|---|
| 003 | GCL | ||
| 008 | 140319s9999 xx 000 0 eng d | ||
| 040 |
_aGCL / _cGCL |
||
| 082 | 0 | 4 |
_a791.43 _bH C |
| 100 | 1 | _aHONTHANER, EVE LIGHT | |
| 245 | 1 | 0 |
_aTHE COMPLETE FILM PRODUCTION HANDBOOK / _cHONTHANER, EVE LIGHT |
| 260 |
_a[S.N] : _bFOCAL PRESS ، _c1996 |
||
| 300 | _a381 P | ||
| 650 | 0 | 4 | _aMOTION PICTURES - HANDBOOK |
| 650 | 0 | 4 | _aMOTION PICTURES - PRODUCTIONS |
| 650 | 0 | 4 | _aART |
| 650 | 0 | 4 | _aMOTION PICTURES |
| 942 |
_2ddc _cBK |
||
| 999 |
_c13811 _d13811 |
||